B D CHOURASIA'S HUMMAN ANATOMY (Record no. 23952)

MARC details
000 -LEADER
fixed length control field 00390nam a22001697a 4500
003 - CONTROL NUMBER IDENTIFIER
control field SGT
020 ## - INTERNATIONAL STANDARD BOOK NUMBER
International Standard Book Number 9789354664731
082 ## - DEWEY DECIMAL CLASSIFICATION NUMBER
Classification number 611
Item number B22G
100 ## - MAIN ENTRY--PERSONAL NAME
Personal name GARG, KRISHNA, ed,
245 ## - TITLE STATEMENT
Title B D CHOURASIA'S HUMMAN ANATOMY
250 ## - EDITION STATEMENT
Edition statement 9TH
260 ## - PUBLICATION, DISTRIBUTION, ETC. (IMPRINT)
Place of publication, distribution, etc NEW DELHI
Name of publisher, distributor, etc CBS PUB.
Year of Publication 2022
300 ## - PAGE DESCRIPTION
No. of Pages 362
650 ## - SUBJECT ADDED ENTRY--TOPICAL TERM
Topical term or geographic name as entry element ANATOMY
653 ## - KEYWORDS--INDEX TERM
Keyword term HUMAN, ANATOMY, HUMAN ANATOMY
942 ## - ADDED ENTRY ELEMENTS (KOHA)
Source of classification or shelving scheme Dewey Decimal Classification
Koha item type Books
942 ## - ADDED ENTRY ELEMENTS (KOHA)
-- 209
Holdings
Withdrawn status Lost status Source of classification or shelving scheme Damaged status Not for loan Collection code Home library Current library Shelving location Date acquired Vendor Name Cost, normal purchase price Volume Information (Serial or Books or Non-Book Material) SGTU Bill Number Total Checkouts Full call number Accession No. (Barcode) Date last seen Date last borrowed Bill Date Koha item type Total Renewals
    Dewey Decimal Classification     AYURVEDA SGT FA-FP Library SGT FA-FP Library Text Book 07/06/2023 ABC PVT. 775.00 1 SGTU 16642 54 611 B22G FA11441 23/05/2026 14/05/2026 20/05/2023 Books  
    Dewey Decimal Classification     AYURVEDA SGT FA-FP Library SGT FA-FP Library Text Book 07/06/2023 ABC PVT. 775.00 1 SGTU 16642 63 611 B22G FA11442 08/05/2026 08/05/2026 20/05/2023 Books 3
    Dewey Decimal Classification     AYURVEDA SGT FA-FP Library SGT FA-FP Library Text Book 07/06/2023 ABC PVT. 775.00 1 SGTU 16642 56 611 B22G FA11443 11/05/2026 25/04/2026 20/05/2023 Books 1
    Dewey Decimal Classification     AYURVEDA SGT FA-FP Library SGT FA-FP Library Text Book 07/06/2023 ABC PVT. 775.00 1 SGTU 16642 50 611 B22G FA11444 30/04/2026 30/04/2026 20/05/2023 Books 1
    Dewey Decimal Classification     AYURVEDA SGT FA-FP Library SGT FA-FP Library Text Book 07/06/2023 ABC PVT. 775.00 1 SGTU 16642 67 611 B22G FA11445 08/05/2026 08/05/2026 20/05/2023 Books